MARC

Tag First Indicator Second Indicator Subfields
LEADER 00000cam a2200000 a 4500
001 in00001403971
005 20170307102248.0
008 971204s1997 gau b 000 0 eng d
010 |z  97009249 //r97 
020 |a 0788503588 (v. 1 : cloth : alk. paper) 
020 |a 0788503650 (v. 2 : cloth : alk. paper) 
020 |a 0788503669 (v. 3 : cloth : alk. paper) 
020 |a 0788503677 (v. 4 : cloth : alk. paper) 
035 |a (OCoLC)38037078 
035 |9 AHN0958AM 
040 |a PLT  |c PLT  |d TXA  |d UtOrBLW 
049 |a TXAM 
090 |a BM514  |b .N464 1997 v.1 
100 1 |a Neusner, Jacob,  |d 1932-2016. 
245 1 0 |a Sifra /  |c by Jacob Neusner. 
264 1 |a Atlanta, Ga. :  |b Scholars Press,  |c [1997] 
264 4 |c ©1997 
300 |a 4 volumes ;  |c 24 cm. 
336 |a text  |b txt  |2 rdacontent 
337 |a unmediated  |b n  |2 rdamedia 
338 |a volume  |b nc  |2 rdacarrier 
490 1 |a South Florida academic commentary series ;  |v no. 75-78 
490 1 |a The components of the rabbinic documents / by Jacob Neusner ;  |v 1 
504 |a Includes bibliographical references. 
630 0 0 |a Sifra  |x Criticism, interpretation, etc. 
650 0 |a Halakhic Midrashim  |x History and criticism. 
630 0 0 |a Midrash rabbah  |x Criticism, interpretation, etc. 
800 1 |a Neusner, Jacob,  |d 1932-2016.  |t Components of the rabbinic documents ;  |v v. 1. 
830 0 |a South Florida academic commentary series ;  |v no. 75-78. 
948 |a c:ktn 
999 |a MARS 
999 f f |s fa66c2cc-dc8d-31bd-9761-050413835c60  |i b69fbd69-c7cd-379d-a1a4-5ba5f21859f5  |t 0 
952 f f |p ric  |a Texas A&M University  |b Rellis Campus  |c Joint Library Facility  |d Remote Storage  |t 0  |e BM514 .N464 1997 v.1  |h Library of Congress classification  |i unmediated -- volume  |k pt.4  |m A14822435197 
998 f f |a BM514 .N464 1997 v.1  |s pt.4  |t 0  |l Remote Storage